| 000 | 00803nam a22002297a 4500 | ||
|---|---|---|---|
| 999 |
_c60641 _d60641 |
||
| 005 | 20240530110420.0 | ||
| 008 | 140915s2011 ua gr 000 0 ara d | ||
| 017 |
_a2010/15462 _bمصر . دار الكتب المصرية |
||
| 020 | _a9789773287547 | ||
| 040 | _aEG-CaGPL | ||
| 082 | 0 | 4 |
_221 _a153.733\ _bع ت |
| 100 | 0 | _aعادل عوض | |
| 245 | 1 |
_aتركيب الصورة الابصارية فى العقل والمخ : _bرؤية فلسفية معاصرة / _cعادل عوض |
|
| 260 |
_aالاسكندرية : _bدار الجامعة الجديدة ، _c2011 |
||
| 300 |
_a189 ص ؛ _c24 سم |
||
| 650 | 0 | 4 | _aالبصر |
| 650 | 0 | 4 | _aالابصار |
| 650 | 0 | 4 | _aالرؤية |
| 650 | 0 | 4 | _aالادراك البصرى |
| 942 |
_2ddc _cBK |
||